[Event "ODJM A 2023"]
[Site "Willingen GER"]
[Date "2023.05.31"]
[Round "6"]
[White "Gold, Florian"]
[Black "Melde, Benjamin"]
[Result "1/2-1/2"]
[Termination "normal"]
[Board "8"]
[WhiteElo "1841"]
[BlackElo "2135"]
[WhiteClock "00:49:49"]
[BlackClock "00:05:13"]
[PlyCount "71"]
[WhiteFideId "16220536"]
[BlackFideId "12958816"]
[EventCountry "GER"]
[EventRounds "9"]
[EventType "swiss"]
[EventDate "2023.05.27"]

1. d4 {[%clk 01:30:58]} {[%emt 00:00:02]} Nf6 {[%clk 01:30:39]} {[%emt
00:00:21]} 2. c4 {[%clk 01:31:23]} {[%emt 00:00:05]} g6 {[%clk 01:31:06]}
{[%emt 00:00:02]} 3. Nc3 {[%clk 01:31:50]} {[%emt 00:00:04]} Bg7 {[%clk
01:31:33]} {[%emt 00:00:02]} 4. e4 {[%clk 01:32:15]} {[%emt 00:00:05]} O-O
{[%clk 01:31:59]} {[%emt 00:00:04]} 5. Be2 {[%clk 01:32:40]} {[%emt 00:00:05]}
d6 {[%clk 01:32:23]} {[%emt 00:00:06]} 6. Bg5 {[%clk 01:33:06]} {[%emt
00:00:03]} c5 {[%clk 01:29:48]} {[%emt 00:03:06]} 7. d5 {[%clk 01:33:10]}
{[%emt 00:00:28]} h6 {[%clk 01:30:00]} {[%emt 00:00:16]} 8. Be3 {[%clk
01:33:34]} {[%emt 00:00:06]} e5 {[%clk 01:29:05]} {[%emt 00:01:24]} 9. Qd2
{[%clk 01:32:08]} {[%emt 00:01:57]} Kh7 {[%clk 01:15:27]} {[%emt 00:14:09]} 10.
f3 {[%clk 01:30:51]} {[%emt 00:01:46]} Nh5 {[%clk 01:15:16]} {[%emt 00:00:40]}
11. g4 {[%clk 01:28:47]} {[%emt 00:02:34]} Nf4 {[%clk 01:15:29]} {[%emt
00:00:16]} 12. Bxf4 {[%clk 01:28:17]} {[%emt 00:01:01]} exf4 {[%clk 01:15:54]}
{[%emt 00:00:05]} 13. Qxf4 {[%clk 01:27:18]} {[%emt 00:01:29]} f5 {[%clk
01:08:52]} {[%emt 00:07:32]} 14. exf5 {[%clk 01:24:56]} {[%emt 00:02:53]} gxf5
{[%clk 01:06:05]} {[%emt 00:03:16]} 15. Bd3 {[%clk 01:24:43]} {[%emt 00:00:43]}
Re8+ {[%clk 01:04:00]} {[%emt 00:02:36]} 16. Nge2 {[%clk 01:21:54]} {[%emt
00:03:18]} Be5 {[%clk 01:03:23]} {[%emt 00:01:08]} 17. Bxf5+ {[%clk 01:19:21]}
{[%emt 00:03:02]} Kg7 {[%clk 01:03:40]} {[%emt 00:00:13]} 18. Qd2 {[%clk
01:19:32]} {[%emt 00:00:19]} Qh4+ {[%clk 01:02:24]} {[%emt 00:01:46]} 19. Kd1
{[%clk 01:19:38]} {[%emt 00:00:25]} Bxf5 {[%clk 01:00:40]} {[%emt 00:02:14]}
20. gxf5 {[%clk 01:19:36]} {[%emt 00:00:31]} Kh7 {[%clk 00:25:43]} {[%emt
00:35:27]} 21. Qd3 {[%clk 01:14:12]} {[%emt 00:05:55]} Nd7 {[%clk 00:24:43]}
{[%emt 00:01:32]} 22. Kc2 {[%clk 01:07:26]} {[%emt 00:07:16]} Bf6 {[%clk
00:20:15]} {[%emt 00:04:57]} 23. f4 {[%clk 01:06:33]} {[%emt 00:01:21]} Re7
{[%clk 00:18:18]} {[%emt 00:02:27]} 24. Qg3 {[%clk 01:02:35]} {[%emt 00:04:28]}
Qh5 {[%clk 00:17:33]} {[%emt 00:01:14]} 25. Qg6+ {[%clk 01:02:49]} {[%emt
00:00:16]} Qxg6 {[%clk 00:17:57]} {[%emt 00:00:06]} 26. fxg6+ {[%clk 01:03:18]}
{[%emt 00:00:03]} Kxg6 {[%clk 00:18:18]} {[%emt 00:00:08]} 27. Rhg1+ {[%clk
01:03:29]} {[%emt 00:00:19]} Kh7 {[%clk 00:14:43]} {[%emt 00:04:05]} 28. Ng3
{[%clk 01:01:32]} {[%emt 00:02:25]} Bxc3 {[%clk 00:06:14]} {[%emt 00:09:00]}
29. Kxc3 {[%clk 01:00:45]} {[%emt 00:01:18]} Rf8 {[%clk 00:03:52]} {[%emt
00:02:52]} 30. Rae1 {[%clk 01:00:09]} {[%emt 00:01:06]} Ref7 {[%clk 00:04:12]}
{[%emt 00:00:08]} 31. Nh5 {[%clk 00:58:42]} {[%emt 00:01:58]} Nf6 {[%clk
00:04:02]} {[%emt 00:00:40]} 32. Nxf6+ {[%clk 00:59:01]} {[%emt 00:00:13]} Rxf6
{[%clk 00:04:29]} {[%emt 00:00:01]} 33. Re7+ {[%clk 00:59:23]} {[%emt
00:00:08]} R8f7 {[%clk 00:04:53]} {[%emt 00:00:05]} 34. Rxf7+ {[%clk 00:59:25]}
{[%emt 00:00:27]} Rxf7 {[%clk 00:05:22]} {[%emt 00:00:02]} 35. Rf1 {[%clk
00:58:41]} {[%emt 00:01:15]} Kg6 {[%clk 00:05:13]} {[%emt 00:00:39]} 36. Kd3
{[%clk 00:49:49]} {[%emt 00:09:20]} 1/2-1/2

[Event "ODJM A 2023"]
[Site "Willingen GER"]
[Date "2023.05.31"]
[Round "6"]
[White "Schwartz, Oliver"]
[Black "Sabirov, Ramil"]
[Result "0-1"]
[Termination "normal"]
[Board "9"]
[WhiteElo "1919"]
[BlackElo "2109"]
[WhiteClock "00:15:42"]
[BlackClock "00:05:58"]
[PlyCount "78"]
[WhiteFideId "16207459"]
[BlackFideId "12900303"]
[EventCountry "GER"]
[EventRounds "9"]
[EventType "swiss"]
[EventDate "2023.05.27"]

1. d4 {[%clk 01:30:57]} {[%emt 00:00:03]} Nf6 {[%clk 01:30:56]} {[%emt
00:00:04]} 2. c4 {[%clk 01:31:07]} {[%emt 00:00:20]} g6 {[%clk 01:31:21]}
{[%emt 00:00:05]} 3. Nc3 {[%clk 01:31:32]} {[%emt 00:00:05]} d5 {[%clk
01:31:49]} {[%emt 00:00:03]} 4. cxd5 {[%clk 01:31:49]} {[%emt 00:00:12]} Nxd5
{[%clk 01:32:15]} {[%emt 00:00:04]} 5. e4 {[%clk 01:32:06]} {[%emt 00:00:13]}
Nxc3 {[%clk 01:32:39]} {[%emt 00:00:06]} 6. bxc3 {[%clk 01:32:24]} {[%emt
00:00:12]} Bg7 {[%clk 01:32:51]} {[%emt 00:00:17]} 7. Nf3 {[%clk 01:32:18]}
{[%emt 00:00:35]} c5 {[%clk 01:31:55]} {[%emt 00:01:27]} 8. Be2 {[%clk
01:32:37]} {[%emt 00:00:11]} Nc6 {[%clk 01:26:35]} {[%emt 00:05:50]} 9. d5
{[%clk 01:32:25]} {[%emt 00:00:42]} Bxc3+ {[%clk 01:23:49]} {[%emt 00:03:17]}
10. Bd2 {[%clk 01:32:50]} {[%emt 00:00:05]} Bxa1 {[%clk 01:22:17]} {[%emt
00:02:03]} 11. Qxa1 {[%clk 01:33:13]} {[%emt 00:00:04]} Nd4 {[%clk 01:22:04]}
{[%emt 00:00:44]} 12. Nxd4 {[%clk 01:33:37]} {[%emt 00:00:05]} cxd4 {[%clk
01:22:31]} {[%emt 00:00:04]} 13. Qxd4 {[%clk 01:34:00]} {[%emt 00:00:07]} f6
{[%clk 01:09:15]} {[%emt 00:13:47]} 14. O-O {[%clk 01:33:36]} {[%emt 00:00:53]}
O-O {[%clk 01:08:16]} {[%emt 00:01:28]} 15. Rb1 {[%clk 01:33:38]} {[%emt
00:00:28]} b6 {[%clk 01:03:24]} {[%emt 00:05:24]} 16. Bc4 {[%clk 01:26:37]}
{[%emt 00:07:30]} Kg7 {[%clk 00:59:59]} {[%emt 00:03:56]} 17. Bb4 {[%clk
01:19:52]} {[%emt 00:07:14]} a5 {[%clk 00:56:10]} {[%emt 00:04:18]} 18. Ba3
{[%clk 01:10:55]} {[%emt 00:09:27]} Ba6 {[%clk 00:53:13]} {[%emt 00:03:28]} 19.
Bb3 {[%clk 01:09:48]} {[%emt 00:01:37]} b5 {[%clk 00:33:44]} {[%emt 00:19:59]}
20. Bc5 {[%clk 01:07:30]} {[%emt 00:02:47]} Rc8 {[%clk 00:29:52]} {[%emt
00:04:22]} 21. Bd1 {[%clk 01:03:18]} {[%emt 00:04:43]} Qc7 {[%clk 00:26:14]}
{[%emt 00:04:07]} 22. Rc1 {[%clk 01:03:03]} {[%emt 00:00:45]} b4 {[%clk
00:24:15]} {[%emt 00:02:32]} 23. Bg4 {[%clk 01:01:40]} {[%emt 00:01:50]} Qf4
{[%clk 00:23:31]} {[%emt 00:01:15]} 24. Qd1 {[%clk 00:58:13]} {[%emt 00:03:55]}
Rc7 {[%clk 00:21:28]} {[%emt 00:02:35]} 25. Be6 {[%clk 00:42:47]} {[%emt
00:15:56]} Bc8 {[%clk 00:16:57]} {[%emt 00:05:04]} 26. Be3 {[%clk 00:22:23]}
{[%emt 00:20:52]} Qe5 {[%clk 00:11:35]} {[%emt 00:05:52]} 27. Rxc7 {[%clk
00:21:44]} {[%emt 00:01:08]} Qxc7 {[%clk 00:11:59]} {[%emt 00:00:06]} 28. Qg4
{[%clk 00:22:03]} {[%emt 00:00:12]} Qe5 {[%clk 00:10:47]} {[%emt 00:01:41]} 29.
h4 {[%clk 00:21:02]} {[%emt 00:01:32]} Bxe6 {[%clk 00:11:10]} {[%emt 00:00:07]}
30. dxe6 {[%clk 00:21:24]} {[%emt 00:00:07]} Rd8 {[%clk 00:08:29]} {[%emt
00:03:13]} 31. g3 {[%clk 00:20:40]} {[%emt 00:01:13]} a4 {[%clk 00:08:08]}
{[%emt 00:00:50]} 32. Bf4 {[%clk 00:19:21]} {[%emt 00:01:49]} Qd4 {[%clk
00:08:24]} {[%emt 00:00:13]} 33. Kg2 {[%clk 00:18:38]} {[%emt 00:01:12]} b3
{[%clk 00:08:13]} {[%emt 00:00:41]} 34. axb3 {[%clk 00:18:58]} {[%emt
00:00:09]} axb3 {[%clk 00:08:30]} {[%emt 00:00:16]} 35. e5 {[%clk 00:19:15]}
{[%emt 00:00:10]} b2 {[%clk 00:06:55]} {[%emt 00:02:04]} 36. exf6+ {[%clk
00:18:56]} {[%emt 00:00:51]} Qxf6 {[%clk 00:07:03]} {[%emt 00:00:20]} 37. Bg5
{[%clk 00:19:08]} {[%emt 00:00:20]} b1=Q {[%clk 00:06:50]} {[%emt 00:00:41]}
38. Bxf6+ {[%clk 00:19:19]} {[%emt 00:00:20]} exf6 {[%clk 00:06:50]} {[%emt
00:00:31]} 39. Qf3 {[%clk 00:15:42]} {[%emt 00:04:05]} Qb6 {[%clk 00:05:58]}
{[%emt 00:01:22]} 0-1

[Event "ODJM A 2023"]
[Site "Willingen GER"]
[Date "2023.05.31"]
[Round "6"]
[White "Mühlich, Cornelius"]
[Black "Weidenhöfer, Max"]
[Result "0-1"]
[Termination "normal"]
[Board "10"]
[WhiteElo "1910"]
[BlackElo "2000"]
[WhiteClock "00:33:23"]
[BlackClock "00:30:55"]
[PlyCount "74"]
[WhiteFideId "12963712"]
[BlackFideId "16230566"]
[EventCountry "GER"]
[EventRounds "9"]
[EventType "swiss"]
[EventDate "2023.05.27"]

1. e4 {[%clk 01:30:53]} {[%emt 00:00:06]} c6 {[%clk 01:30:59]} {[%emt
00:00:03]} 2. d4 d5 {[%emt 00:00:01]} 3. Nc3 {[%clk 01:31:42]} {[%emt
00:00:10]} dxe4 4. Nxe4 {[%clk 01:32:10]} Nf6 {[%clk 01:32:18]} {[%emt
00:00:10]} 5. Nxf6+ {[%clk 01:32:27]} {[%emt 00:00:13]} exf6 {[%clk 01:32:47]}
6. c3 {[%clk 01:31:57]} {[%emt 00:01:00]} Bd6 {[%clk 01:33:15]} {[%emt
00:00:01]} 7. Bd3 {[%clk 01:32:14]} {[%emt 00:00:12]} O-O {[%clk 01:33:42]}
{[%emt 00:00:04]} 8. Qc2 {[%clk 01:32:37]} {[%emt 00:00:07]} Re8+ {[%clk
01:34:08]} {[%emt 00:00:04]} 9. Ne2 {[%clk 01:33:01]} {[%emt 00:00:05]} h5
{[%clk 01:34:35]} {[%emt 00:00:04]} 10. Be3 {[%clk 01:32:21]} {[%emt 00:01:11]}
Nd7 {[%clk 01:34:59]} {[%emt 00:00:07]} 11. O-O-O {[%clk 01:30:18]} {[%emt
00:02:33]} Nf8 {[%clk 01:35:28]} 12. Kb1 {[%clk 01:30:17]} {[%emt 00:00:30]}
Be6 {[%clk 01:35:47]} {[%emt 00:00:11]} 13. Nf4 {[%clk 01:19:51]} {[%emt
00:10:55]} Bxf4 {[%clk 01:36:16]} {[%emt 00:00:02]} 14. Bxf4 {[%emt 00:00:10]}
b5 {[%emt 00:00:01]} 15. f3 {[%clk 01:13:26]} {[%emt 00:07:13]} a5 {[%clk
01:20:42]} {[%emt 00:16:34]} 16. Rhg1 {[%clk 01:03:06]} {[%emt 00:10:48]} a4
{[%clk 01:13:21]} {[%emt 00:07:52]} 17. Be4 {[%clk 01:01:37]} {[%emt 00:01:59]}
Qd7 {[%clk 01:07:57]} {[%emt 00:05:53]} 18. Ka1 {[%clk 00:52:37]} {[%emt
00:09:32]} Bb3 {[%clk 01:02:49]} {[%emt 00:05:38]} 19. Qd3 {[%clk 00:46:44]}
{[%emt 00:06:22]} Bxd1 20. Qxd1 {[%clk 00:47:12]} Ng6 {[%clk 00:57:23]} {[%emt
00:05:51]} 21. Bc1 {[%clk 00:46:38]} {[%emt 00:01:04]} Ne7 {[%clk 00:55:15]}
{[%emt 00:02:38]} 22. f4 {[%clk 00:41:51]} {[%emt 00:05:17]} Nd5 {[%clk
00:50:47]} {[%emt 00:04:59]} 23. Bd3 {[%clk 00:39:06]} {[%emt 00:03:14]} Qg4
{[%clk 00:40:34]} {[%emt 00:10:42]} 24. Qf1 {[%clk 00:38:46]} {[%emt 00:00:50]}
a3 {[%clk 00:36:28]} {[%emt 00:04:36]} 25. Qf2 {[%clk 00:36:32]} {[%emt
00:02:44]} axb2+ {[%clk 00:34:36]} {[%emt 00:02:24]} 26. Kxb2 {[%clk 00:36:39]}
{[%emt 00:00:21]} b4 {[%clk 00:33:19]} {[%emt 00:01:46]} 27. h3 {[%clk
00:34:09]} {[%emt 00:02:59]} bxc3+ {[%clk 00:31:40]} {[%emt 00:02:11]} 28. Ka1
{[%clk 00:34:17]} {[%emt 00:00:22]} Qe6 {[%clk 00:30:53]} {[%emt 00:01:18]} 29.
f5 {[%clk 00:33:30]} {[%emt 00:01:15]} Qd6 {[%clk 00:30:51]} {[%emt 00:00:32]}
30. g4 {[%clk 00:33:59]} Nb4 {[%clk 00:30:42]} {[%emt 00:00:39]} 31. Bc4 {[%clk
00:33:55]} {[%emt 00:00:34]} Qxd4 {[%clk 00:30:10]} {[%emt 00:01:03]} 32. Qxd4
{[%clk 00:32:33]} {[%emt 00:01:51]} Nc2+ {[%clk 00:30:35]} {[%emt 00:00:05]}
33. Kb1 {[%clk 00:32:59]} {[%emt 00:00:04]} Nxd4 {[%clk 00:31:01]} {[%emt
00:00:04]} 34. gxh5 {[%clk 00:33:23]} {[%emt 00:00:05]} Rab8+ {[%clk 00:31:08]}
{[%emt 00:00:23]} 35. Bb3 {[%clk 00:33:22]} {[%emt 00:00:30]} c5 {[%clk
00:30:32]} {[%emt 00:01:08]} 36. h6 {[%clk 00:32:59]} {[%emt 00:00:52]} c4
{[%clk 00:30:33]} {[%emt 00:00:27]} 37. Rxg7+ {[%clk 00:33:23]} {[%emt
00:00:07]} Kh8 {[%clk 00:30:55]} {[%emt 00:00:09]} 0-1

[Event "ODJM A 2023"]
[Site "Willingen GER"]
[Date "2023.05.31"]
[Round "6"]
[White "Mehner, Lorenz"]
[Black "Grunert, Friedrich"]
[Result "1-0"]
[Termination "normal"]
[Board "11"]
[WhiteElo "1681"]
[BlackElo "1975"]
[WhiteClock "00:05:29"]
[BlackClock "00:09:03"]
[PlyCount "59"]
[WhiteFideId "16293096"]
[BlackFideId "12995592"]
[EventCountry "GER"]
[EventRounds "9"]
[EventType "swiss"]
[EventDate "2023.05.27"]

1. d4 {[%clk 01:30:45]} {[%emt 00:00:15]} d5 {[%clk 01:30:57]} {[%emt
00:00:04]} 2. c4 {[%clk 01:31:10]} {[%emt 00:00:05]} e6 {[%clk 01:31:24]}
{[%emt 00:00:02]} 3. Nc3 {[%clk 01:31:30]} {[%emt 00:00:11]} Nf6 {[%clk
01:31:50]} {[%emt 00:00:04]} 4. cxd5 {[%clk 01:31:44]} {[%emt 00:00:16]} exd5
{[%clk 01:32:16]} {[%emt 00:00:04]} 5. Bg5 {[%clk 01:32:03]} {[%emt 00:00:11]}
c6 {[%clk 01:32:38]} {[%emt 00:00:07]} 6. e3 {[%clk 01:31:50]} {[%emt
00:00:42]} Be7 {[%clk 01:33:04]} {[%emt 00:00:04]} 7. Bd3 {[%clk 01:31:53]}
Nbd7 {[%clk 01:33:30]} {[%emt 00:00:31]} 8. h3 {[%clk 01:30:43]} {[%emt
00:01:41]} O-O {[%clk 01:33:54]} {[%emt 00:00:05]} 9. Nf3 {[%clk 01:30:17]}
{[%emt 00:00:57]} Re8 {[%clk 01:34:11]} {[%emt 00:00:13]} 10. O-O {[%clk
01:29:37]} {[%emt 00:01:10]} Ne4 {[%clk 01:33:11]} {[%emt 00:01:29]} 11. Bxe7
{[%clk 01:24:06]} {[%emt 00:06:02]} Qxe7 {[%clk 01:33:31]} {[%emt 00:00:10]}
12. Qc2 {[%clk 01:22:22]} {[%emt 00:02:15]} f5 {[%clk 01:32:19]} {[%emt
00:01:42]} 13. Rab1 {[%clk 01:21:35]} {[%emt 00:01:17]} g5 {[%clk 01:23:30]}
{[%emt 00:09:19]} 14. g3 {[%clk 01:10:09]} {[%emt 00:11:56]} Kh8 {[%clk
01:16:48]} {[%emt 00:07:10]} 15. Kg2 {[%clk 01:05:26]} {[%emt 00:05:14]} Nf8
{[%clk 01:00:37]} {[%emt 00:16:41]} 16. h4 {[%clk 00:51:58]} {[%emt 00:13:58]}
gxh4 {[%clk 00:47:05]} {[%emt 00:14:02]} 17. Nxh4 {[%clk 00:50:14]} {[%emt
00:02:14]} Qg5 {[%clk 00:46:22]} {[%emt 00:01:12]} 18. Rh1 {[%clk 00:41:32]}
{[%emt 00:09:11]} Ne6 {[%clk 00:38:31]} {[%emt 00:08:22]} 19. Rh2 {[%clk
00:25:21]} {[%emt 00:16:41]} Re7 {[%clk 00:30:58]} {[%emt 00:08:02]} 20. Rbh1
{[%clk 00:19:02]} {[%emt 00:06:49]} Bd7 {[%clk 00:29:58]} {[%emt 00:01:32]} 21.
Nxf5 {[%clk 00:12:55]} {[%emt 00:06:35]} Qxf5 {[%clk 00:29:28]} {[%emt
00:01:02]} 22. Nxe4 {[%clk 00:11:02]} {[%emt 00:02:21]} dxe4 {[%clk 00:07:05]}
{[%emt 00:22:54]} 23. Bxe4 {[%clk 00:09:46]} {[%emt 00:01:45]} Qf6 {[%clk
00:07:07]} {[%emt 00:00:29]} 24. Rh6 {[%clk 00:06:43]} {[%emt 00:03:33]} Nxd4
{[%clk 00:07:19]} {[%emt 00:00:18]} 25. exd4 {[%clk 00:05:14]} {[%emt
00:01:58]} Qxd4 {[%clk 00:07:40]} {[%emt 00:00:09]} 26. Rxh7+ {[%clk 00:05:12]}
{[%emt 00:00:33]} Rxh7 {[%clk 00:07:49]} {[%emt 00:00:20]} 27. Rxh7+ {[%clk
00:05:11]} {[%emt 00:00:31]} Kg8 {[%clk 00:08:15]} {[%emt 00:00:03]} 28. Qb3+
{[%clk 00:05:15]} {[%emt 00:00:28]} Qd5 {[%clk 00:08:39]} {[%emt 00:00:06]} 29.
Bxd5+ {[%clk 00:05:29]} {[%emt 00:00:16]} Kxh7 {[%clk 00:09:03]} {[%emt
00:00:04]} 30. Qxb7 {[%emt 00:00:52]} 1-0

[Event "ODJM A 2023"]
[Site "Willingen GER"]
[Date "2023.05.31"]
[Round "6"]
[White "Korbel, Joshua"]
[Black "Kieselbach, Marvin"]
[Result "1/2-1/2"]
[Termination "normal"]
[Board "12"]
[WhiteElo "1682"]
[BlackElo "1850"]
[WhiteClock "00:02:41"]
[BlackClock "00:09:30"]
[PlyCount "70"]
[WhiteFideId "16273184"]
[BlackFideId "16235770"]
[EventCountry "GER"]
[EventRounds "9"]
[EventType "swiss"]
[EventDate "2023.05.27"]

1. c4 {[%clk 01:30:59]} {[%emt 00:00:02]} Nf6 {[%clk 01:30:52]} {[%emt
00:00:07]} 2. g3 {[%clk 01:31:25]} {[%emt 00:00:06]} e6 {[%clk 01:29:56]}
{[%emt 00:01:24]} 3. Bg2 {[%clk 01:31:43]} {[%emt 00:00:12]} d5 {[%clk
01:30:20]} {[%emt 00:00:06]} 4. Nf3 {[%clk 01:32:00]} {[%emt 00:00:12]} d4
{[%clk 01:25:26]} {[%emt 00:05:25]} 5. d3 {[%clk 01:27:41]} {[%emt 00:04:49]}
Nc6 {[%clk 01:25:43]} {[%emt 00:00:13]} 6. Bf4 {[%clk 01:20:47]} {[%emt
00:07:24]} Be7 {[%clk 01:20:21]} {[%emt 00:05:52]} 7. Ne5 {[%clk 01:09:08]}
{[%emt 00:12:09]} Nxe5 {[%clk 01:20:05]} {[%emt 00:00:46]} 8. Bxe5 {[%clk
01:09:31]} {[%emt 00:00:05]} Ng4 {[%clk 01:12:59]} {[%emt 00:07:37]} 9. Bf4
{[%clk 01:03:45]} {[%emt 00:06:17]} e5 {[%clk 01:10:54]} {[%emt 00:02:34]} 10.
Bd2 {[%clk 01:03:04]} {[%emt 00:01:11]} a5 {[%clk 01:10:30]} {[%emt 00:00:54]}
11. Qa4+ {[%clk 00:52:53]} {[%emt 00:10:41]} c6 {[%clk 01:10:07]} {[%emt
00:00:53]} 12. b4 {[%clk 00:51:00]} {[%emt 00:02:25]} O-O {[%clk 01:06:59]}
{[%emt 00:03:36]} 13. h3 {[%clk 00:42:21]} {[%emt 00:09:09]} Nf6 {[%clk
00:59:39]} {[%emt 00:07:50]} 14. O-O {[%clk 00:36:44]} {[%emt 00:06:08]} Bd7
{[%clk 00:49:12]} {[%emt 00:10:58]} 15. bxa5 {[%clk 00:35:21]} {[%emt
00:01:53]} Bd6 {[%clk 00:47:34]} {[%emt 00:02:06]} 16. Qb3 {[%clk 00:24:00]}
{[%emt 00:11:51]} Qc8 {[%clk 00:47:34]} {[%emt 00:00:30]} 17. Kh2 {[%clk
00:23:12]} {[%emt 00:01:19]} Bc7 {[%clk 00:45:34]} {[%emt 00:02:29]} 18. Bg5
{[%clk 00:20:53]} {[%emt 00:02:49]} Rxa5 {[%clk 00:44:36]} {[%emt 00:01:28]}
19. Bxf6 {[%clk 00:19:34]} {[%emt 00:01:49]} gxf6 {[%clk 00:40:11]} {[%emt
00:04:55]} 20. Nd2 {[%clk 00:18:24]} {[%emt 00:01:41]} Qa8 {[%clk 00:33:23]}
{[%emt 00:07:17]} 21. Qb2 {[%clk 00:14:37]} {[%emt 00:04:18]} Qa7 {[%clk
00:30:42]} {[%emt 00:03:11]} 22. Ne4 {[%clk 00:12:38]} {[%emt 00:02:28]} Kg7
{[%clk 00:29:17]} {[%emt 00:01:54]} 23. Rfb1 {[%clk 00:10:28]} {[%emt
00:02:42]} Rb8 {[%clk 00:21:07]} {[%emt 00:08:38]} 24. Qd2 {[%clk 00:07:19]}
{[%emt 00:03:40]} h6 {[%clk 00:20:16]} {[%emt 00:01:20]} 25. g4 {[%clk
00:05:54]} {[%emt 00:01:58]} Ra8 {[%clk 00:18:49]} {[%emt 00:01:55]} 26. Ng3
{[%clk 00:05:44]} {[%emt 00:00:39]} f5 {[%clk 00:13:02]} {[%emt 00:06:18]} 27.
gxf5 {[%clk 00:05:31]} {[%emt 00:00:43]} Rh8 {[%clk 00:11:16]} {[%emt
00:02:16]} 28. Nh5+ {[%clk 00:05:04]} {[%emt 00:00:57]} Kf8 {[%clk 00:11:43]}
{[%emt 00:00:03]} 29. Qb4+ {[%clk 00:04:21]} {[%emt 00:01:12]} c5 {[%clk
00:11:05]} {[%emt 00:01:08]} 30. Qxb7 {[%clk 00:04:26]} {[%emt 00:00:26]} e4+
{[%clk 00:10:29]} {[%emt 00:01:05]} 31. Kg1 {[%clk 00:04:11]} {[%emt 00:00:47]}
exd3 {[%clk 00:10:16]} {[%emt 00:00:42]} 32. exd3 {[%clk 00:03:15]} {[%emt
00:01:25]} Bxf5 {[%clk 00:10:36]} {[%emt 00:00:13]} 33. Qxa7 {[%clk 00:03:03]}
{[%emt 00:00:40]} Rxa7 {[%clk 00:10:58]} {[%emt 00:00:08]} 34. Rb3 {[%clk
00:02:36]} {[%emt 00:00:58]} Rg8 {[%clk 00:09:50]} {[%emt 00:01:37]} 35. Kh1
{[%clk 00:02:41]} {[%emt 00:00:26]} Rg6 {[%clk 00:09:30]} {[%emt 00:00:50]}
1/2-1/2

[Event "ODJM A 2023"]
[Site "Willingen GER"]
[Date "2023.05.31"]
[Round "6"]
[White "Beyer, Lorenz"]
[Black "Schulz, Jannis"]
[Result "1/2-1/2"]
[Termination "normal"]
[Board "13"]
[WhiteElo "1915"]
[BlackElo "1802"]
[WhiteClock "01:40:34"]
[BlackClock "01:40:00"]
[PlyCount "48"]
[WhiteFideId "16245393"]
[BlackFideId "16224710"]
[EventCountry "GER"]
[EventRounds "9"]
[EventType "swiss"]
[EventDate "2023.05.27"]

1. d4 {[%clk 01:30:58]} {[%emt 00:00:02]} d5 {[%clk 01:30:59]} {[%emt
00:00:03]} 2. e3 {[%clk 01:31:22]} {[%emt 00:00:05]} e6 {[%clk 01:31:26]}
{[%emt 00:00:03]} 3. f4 {[%clk 01:31:49]} {[%emt 00:00:03]} f5 {[%clk
01:31:54]} {[%emt 00:00:03]} 4. Nf3 {[%clk 01:32:16]} {[%emt 00:00:03]} Nf6
{[%clk 01:32:20]} {[%emt 00:00:03]} 5. Bd3 {[%clk 01:32:41]} {[%emt 00:00:05]}
Bd6 {[%clk 01:32:47]} {[%emt 00:00:02]} 6. c3 {[%clk 01:33:09]} {[%emt
00:00:03]} c6 {[%clk 01:33:13]} {[%emt 00:00:05]} 7. Nbd2 {[%clk 01:33:36]}
{[%emt 00:00:02]} O-O {[%clk 01:33:39]} {[%emt 00:00:04]} 8. O-O {[%clk
01:34:03]} {[%emt 00:00:03]} Nbd7 {[%clk 01:34:06]} {[%emt 00:00:04]} 9. Ne5
{[%clk 01:34:29]} {[%emt 00:00:04]} Ne4 {[%clk 01:34:31]} {[%emt 00:00:05]} 10.
Ndf3 {[%clk 01:34:51]} {[%emt 00:00:08]} Ndf6 {[%clk 01:34:36]} {[%emt
00:00:25]} 11. Bxe4 {[%clk 01:35:00]} {[%emt 00:00:21]} Nxe4 {[%clk 01:34:50]}
{[%emt 00:00:15]} 12. Nd2 {[%clk 01:35:27]} {[%emt 00:00:04]} Bxe5 {[%clk
01:35:08]} {[%emt 00:00:12]} 13. Nxe4 {[%clk 01:35:51]} {[%emt 00:00:05]} fxe4
{[%clk 01:35:31]} {[%emt 00:00:08]} 14. fxe5 {[%clk 01:36:19]} {[%emt
00:00:02]} Bd7 {[%clk 01:35:55]} {[%emt 00:00:06]} 15. Bd2 {[%clk 01:36:47]}
{[%emt 00:00:01]} Rxf1+ {[%clk 01:36:17]} {[%emt 00:00:08]} 16. Qxf1 {[%clk
01:37:16]} {[%emt 00:00:01]} Qf8 {[%clk 01:36:42]} {[%emt 00:00:05]} 17. Qxf8+
{[%clk 01:37:42]} {[%emt 00:00:05]} Rxf8 {[%clk 01:37:10]} {[%emt 00:00:01]}
18. Rf1 {[%clk 01:38:05]} {[%emt 00:00:06]} Rxf1+ {[%clk 01:37:37]} {[%emt
00:00:04]} 19. Kxf1 {[%clk 01:38:33]} {[%emt 00:00:01]} Kf7 {[%clk 01:37:58]}
{[%emt 00:00:09]} 20. g3 {[%clk 01:39:00]} {[%emt 00:00:04]} g5 {[%clk
01:38:19]} {[%emt 00:00:09]} 21. h4 {[%clk 01:39:26]} {[%emt 00:00:05]} g4
{[%clk 01:38:45]} {[%emt 00:00:04]} 22. b4 {[%clk 01:39:51]} {[%emt 00:00:05]}
b5 {[%clk 01:39:08]} {[%emt 00:00:07]} 23. a3 {[%clk 01:40:11]} {[%emt
00:00:10]} h5 {[%clk 01:39:34]} {[%emt 00:00:04]} 24. Kf2 {[%clk 01:40:34]}
{[%emt 00:00:06]} a6 {[%clk 01:40:00]} {[%emt 00:00:05]} 1/2-1/2